01364nam a22001937a 4500999001500000003000900015005001700024008004100041020001800082040002800100082002500128100003300153245009300186260006000279300003000339505061400369650017500983942001201158 c5549d5549DO-SdBJH20190806132949.0190806b ||||| |||| 00| 0 spa d a99934-27-08-X aDO-SdBJHbspacDO-SdBJH aRD.972.93054b V422p aVega Boyrie, Bernardod1938- a El peligro comunista en la revolución de abril :b¿mito o realidad? /cBernardo Vega aSanto Domingo :bFundación Cultural Dominicana,c2006 a 373 paginasb: il.,fotos2 aIntroducción 15|Previo a la revolución de abril 19|24 y 25 de abril de 1965. El inicio de la guerra civil 31|26 de abril de 1965. El día que Washington ordenó la ejecución de civiles 79|27 de abril de 1965. El día de la gran derrota y también de la gran victoria constitucionalistas 109|28 de abril de 1965. El día que se ordenó el desembarco de las tropas que estaban en los barcos 149|29 de abril de 1965. El día que se ordenó el envío de las tropas aerotransportadas 187|Dudas y luego propaganda 247|Conclusiones 295|Notas 327|Bibliografía 343|Anexos 351|Indíce onomástico 361 4aEstados Unidos - Relaciones exterioresxRepública Dominicana - Historia - Ocupación norteaméricana 1965-1966xRepública Dominicana - Historia - Revolución, 1965 2ddccBK